000 01362nam a2200241Ia 4500
999 _c38011
_d38011
001 3996
003 GE_BSU
005 20190909155106.0
008 181216s1989||||ge |||||||||||||| ||geo||
020 _a5520004408
040 _cGE_BSU
041 _ageo
080 _a323.1(479.22) თ–29
245 _aთანამედროვე ეთნოსოციალური პროცესები საქართველოში :
_cსაქ. სსრ მეცნ. აკად., ისტორიის, არქეოლოგიისა და ეთნოგრაფიის ინ-ტი ; რედ.: მ. ბექაია.
_bშრომების კრებული /
264 _aთბ. :
_bმეცნიერება,
_c1989.
300 _a142 გვ. ;
_b21 სმ.
653 _aეთნოსოციალური პროცესები საქართველოში
653 _aქართველების ეთნოგრაფია
653 _aეთნოსოციოლოგია
700 _aბექაია, მ.
_eრედაქტორი
_93924
710 _aსაქ. სსრ მეცნ. აკად., ისტორიის, არქეოლოგიისა და ეთნოგრაფიის ინ-ტი
_91524
942 _cBK
_2udc